000 01411cam a2200337 i 4500
999 _c42907
_d42907
001 42907
003 Mx-PuUPA
005 20240410103823.0
008 140415s1997 sp a fr 001 0 spa d
020 _a8448107527
040 _aMx-PuUPA
_bspa
_cMx-PuUPA
_dMx-PuUPA
_erda
041 1 _aspa
_heng
130 1 _aDesign for environment. Creating eco-efficient products and processes.
245 1 0 _aIngeniería de diseño medioambiental. DFE :
_bdesarrollo integral de productos y procesos ecoeficientes /
_ceditor, Joseph Fiksel ; traducción, Carlota Arquiaga
250 _aPrimera edición
264 4 _aAravaca, Madrid :
_bMcGraw-Hill / Interamericana de España,
_c©1997
300 _axx, 512 páginas :
_bilustraciones ;
_c24 cm
336 _2rdacontent
_atexto
_btxt
337 _2rdamedia
_asin medio
_bn
338 _2rdacarrier
_avolumen
_bnc
490 0 _aManuales McGraw-Hill de ingeniería y ciencia
650 4 _aDiseño industrial
_xAspectos ambientales
650 4 _aEmpresas
_xDirección y administración
_xAspectos ambientales
650 4 _aDiseño industrial
700 1 _aFiksel, Joseph,
_eeditor
700 1 _aArquiaga, Carlota,
_etraductor
765 0 8 _aFiksel, Joseph,
_dNew York : McGraw-Hill, ©1996
_tDesign for environment. Creating eco-efficient products and processes.
_z0070209723
942 _2ddc
_cLI
_h628
_iI44